| 000 | 02241nam a2200397 c 4500 | ||
|---|---|---|---|
| 999 |
_c134037 _d134037 |
||
| 003 | BLK | ||
| 005 | 20210423152749.0 | ||
| 008 | 180409b bul|||||r ||||||| ||bul|| | ||
| 010 | _aKNG00139941000 | ||
| 040 | _aBLK | ||
| 041 |
_aBUL _cBUL |
||
| 080 |
_aХигиена на нервната система. Психическа и нравствена хигиена. Вж и 178 ; 351.76 _b613.8 _z613.8 |
||
| 080 |
_aНервни разстройства - Разстройства на активните движения, апраксия;адинамия, параличи, парези, спазмофилия, повишаване на мускулния тонус - гърчове, спазми, тикове, конвулсии, тремор, треперене, контр _b616.8-009 _z616.8-009 |
||
| 100 | 1 |
_aПруст, Ашел _eпърви автор _9324223 |
|
| 139 |
_aПруст, Ашел и др. _bП 92 |
||
| 245 | 1 | 0 |
_aИгиената на неврастеника _cАшел Пруст; съавт. Жилбер Бале; прев. от фр. ориг. Харалампи Николов Нейчев. |
| 257 | _aDEU | ||
| 260 |
_aВарна _bК. Евстатиев _c1905 _fВарна : печ. Зора |
||
| 300 |
_aIII, 194, II с. _c19 см |
||
| 380 | _a61 | ||
| 490 | 1 |
_aОбразователна библиотека _v№ 24 |
|
| 490 |
_aКолекция Редки и ценни издания _9435080 |
||
| 500 | _aПрев. е от 2. изд. на фр. ориг. - | ||
| 501 | _aЕкз. с инв. № 767382 е подв. към Из царството на лъжите / Макс Нордау със сигн. Рн 899 и инв. № 13313-а. | ||
| 650 | 4 |
_aНервни болести _9253393 |
|
| 650 | 4 |
_aНеврастения - профилактика и лечение _9163844 |
|
| 650 | 4 |
_aХигиена - здравеопазване _9290327 |
|
| 653 | _aнервни болести | ||
| 653 | _aневрози | ||
| 653 | _aхигиена | ||
| 700 | 1 |
_aБале, Жилбер _eсъавт. _935954 |
|
| 700 | 1 |
_aНейчев, Харалампи Николов _eпрев. от фр. ориг. _9378611 |
|
| 852 |
_aРб 899 _bРц |
||
| 856 | 4 | _qpdf | |
| 856 | 4 | _qpdf | |
| 942 |
_cKNG _n0 _s1 |
||
| 944 |
_aCR _c22.02.2013 _lф / 22.02.2013 _kЛюдмила_Стоянова |
||
| 944 |
_aED _c21.10.2013 _lф / 22.02.2013 |
||
| 999 | _d134037 | ||
| 999 | _d134037 | ||
| 999 | _d134037 | ||